Statistics for The Zachary Taylor Presidency

Click here to take the quiz!

General Stats

  • This quiz has been taken 36 times
  • The average score is 9 of 12

Answer Stats

HintAnswer% Correct
His political partyWhig
100%
Two prominent wars he fought inWar of {1812}
96%
His Vice PresidentMillard Fillmore
92%
Two prominent wars he fought in{Mexican}-American War
88%
State where he was bornVirginia
84%
Nickname during his war years, because he was toughOld {Rough} and Ready
84%
Prominent rush begins as thousands head to this soon-to-be stateCalifornia
76%
Many in the aforementioned rush were searching for this substanceGold
76%
State where he grew upKentucky
60%
Name of his wife (hint: starts with M)Margaret
48%
Presumably died from this after eating raw cherries and iced milkFood poisoning
48%
Finish the quote: "The idea that I should become President... has never entered my ____, nor is it likely to enter the ____ of any other person."Head
44%

Score Distribution

Percentile by Number Answered

Percent of People with Each Score

Your Score History

You have not taken this quiz